[Event "SAIF POWERTEC 45th BAN Ch 2019"]
[Site "Dhaka"]
[Date "2019.11.05"]
[Round "4.6"]
[White "Md., Sharif Hossain"]
[Black "Chatterjee, Debaraj"]
[Result "0-1"]
[WhiteElo "2148"]
[BlackElo "2250"]
[Annotator "RC"]
[PlyCount "84"]
[EventDate "2019.11.05"]
[EventCountry "BAN"]
[SourceTitle "playchess.com"]
[Source "ChessBase"]
[SourceQuality "1"]
[TimeControl "40/5400+30:1800+30"]

1. e4 {[%emt 0:00:59]} c5 {[%emt 0:00:57]} 2. Nf3 {[%emt 0:00:22]} d6 {[%emt 0:00:11]} 3. d4 {[%emt 0:00:20]} cxd4 {[%emt 0:00:15]} 4. Nxd4 {[%emt 0:00:03]} Nf6 {[%emt 0:00:13]} 5. Nc3 {[%emt 0:00:07]} a6 {[%emt 0:00:06]} 6. Be2 {[%emt 0:00:52]} e5 {[%emt 0:00:38]} 7. Nb3 {[%emt 0:00:07]} Be7 {[%emt 0:00:21]} 8. Bg5 {[%emt 0:00:33]} Be6 {[%emt 0:04:13]} 9. Bxf6 {[%emt 0:01:14]} Bxf6 {[%emt 0:00:04]} 10. Qd3 {[%emt 0:00:19]} Be7 {[%emt 0:08:09]} 11. O-O-O {[%emt 0:01:16]} O-O {[%emt 0:01:49]} 12. Nd5 {[%emt 0:00:49]} Bxd5 {[%emt 0:00:57]} 13. Qxd5 {[%emt 0:00:04]} Qc7 {[%emt 0:09:01]} 14. Bg4 {[%emt 0:00:18]} Nc6 {[%emt 0:01:34]} 15. a3 {[%emt 0:00:22]} b5 {[%emt 0:04:17]} 16. Kb1 {[%emt 0:00:37]} Rfb8 {[%emt 0:29:26]} 17. Rd3 {[%emt 0:02:20]} a5 {[%emt 0:03:47]} 18. Rc3 {[%emt 0:02:11]} Rb6 {[%emt 0:01:30]} 19. Be2 {[%emt 0:03:27]} b4 {[%emt 0:11:24]} 20. axb4 {[%emt 0:04:04]} axb4 {[%emt 0:00:13]} 21. Rf3 {[%emt 0:00:59]} Bf6 {[%emt 0:04:20]} 22. h4 {[%emt 0:10:13]} Qa7 {[%emt 0:01:21]} 23. Kc1 {[%emt 0:01:10]} Ne7 {[%emt 0:03:19]} 24. Qd1 {[%emt 0:03:56]} d5 {[%emt 0:02:29]} 25. Bd3 {[%emt 0:05:16]} Rd6 {[%emt 0:00:29]} 26. Qe2 {[%emt 0:00:21]} dxe4 {[%emt 0:04:02]} 27. Qxe4 {[%emt 0:00:22]} g6 {[%emt 0:00:15]} 28. Kd2 {[%emt 0:02:36]} Rc8 {[%emt 0:01:23]} 29. Ra1 {[%emt 0:02:11]} Qc7 {[%emt 0:00:10]} 30. Ke1 {[%emt 0:01:56]} Nd5 {[%emt 0:00:58]} 31. g3 {[%emt 0:02:32]} Bg7 {[%emt 0:00:16]} 32. g4 {[%emt 0:29:46]} Nf6 {[%emt 0:00:48]} 33. Qxb4 {[%emt 0:07:49]} e4 {[%emt 0:00:18]} 34. Rxf6 {[%emt 0:00:42]} Bxf6 {[%emt 0:00:14]} 35. Ra6 {[%emt 0:03:24]} Rxa6 {[%emt 0:01:27]} 36. Bxa6 {[%emt 0:00:04]} Bxb2 {[%emt 0:01:26]} 37. c4 {[%emt 0:00:48]} Rd8 {[%emt 0:01:44]} 38. c5 {[%emt 0:03:32]} Qe5 {[%emt 0:02:16]} 39. Qc4 {[%emt 0:00:36]} e3 {[%emt 0:01:27]} 40. f4 {[%emt 0:00:00]} Qf6 {[%emt 0:00:00]} 41. g5 {[%emt 0:00:36]} Qc6 {[%emt 0:03:34]} 42. Bb5 {[%emt 0:04:15]} Qg2 {[%emt 0:00:44]} 0-1

[Event "SAIF POWERTEC 45th BAN Ch 2019"]
[Site "Dhaka"]
[Date "2019.11.05"]
[Round "4.7"]
[White "Rahman, Ziaur"]
[Black "Saiful Islam, Chowdhury"]
[Result "1-0"]
[WhiteElo "2471"]
[BlackElo "2159"]
[Annotator "TA"]
[PlyCount "112"]
[EventDate "2019.11.05"]
[EventCountry "BAN"]
[SourceTitle "playchess.com"]
[Source "ChessBase"]
[SourceQuality "1"]

{[%evp 9,112,0,21,22,14,0,20,18,22,-2,0,0,0,-3,0,-13,-5,-12,-5,-6,-6,-7,10,0,0,3,16,19,97,94,101,114,104,96,180,180,187,176,188,185,177,175,172,152,243,193,203,193,199,169,256,129,128,128,126,109,110,83,101,101,100,101,101,101,104,104,95,95,148,141,141,137,126,135,219,164,233,218,218,200,196,218,481,479,579,562,666,612,1327,399,399,391,11485,11448,11478,9497,5185,4984,29970,29970,2150,29965,5583,29968,5708]} 1. d4 Nf6 2. Bg5 c6 3. Bxf6 exf6 4. e3 d5 5. c4 Qa5+ (5... dxc4 6. Bxc4 Bd6 7. Nc3 O-O 8. Nf3 Nd7 9. Qc2 Bc7 10. Bd3 h6 11. h4 Nb6 12. h5 Nd5 13. a3 Nxc3 14. bxc3 Re8 15. Rb1 Qd6 16. a4 {1-0 (42) Nakamura,H (2784)-Andreikin,D (2713) Moscow 2013}) 6. Nc3 {D00: 1 d4 d5: Unusual lines} Bb4 7. Qb3 {[%cal Rc4d5]} dxc4 8. Bxc4 {The position is equal.} O-O 9. Nge2 f5 $146 ({Predecessor:} 9... c5 10. O-O cxd4 11. Nxd4 Bxc3 12. bxc3 Nd7 13. Qb4 Qe5 {1-0 (27) Guimaraes,W (2182)-Chauca,J (2052) Rio de Janeiro 2017}) 10. O-O Nd7 11. Rad1 Nf6 12. d5 b5 13. Bd3 Bxc3 14. Nxc3 b4 15. Ne2 $36 {[%mdl 2048] White has some pressure.} Nxd5 16. Nd4 Ne7 17. Bc4 Qb6 18. Nf3 a5 (18... Nd5 $11 {keeps the balance.}) 19. Ne5 $16 Nd5 {[#]} 20. Nxc6 $1 {[%mdl 512]} a4 (20... Qxc6 21. Bxd5) 21. Qd3 Qxc6 (21... Bb7 $16) 22. Bxd5 $18 Qa6 23. Bxa8 Qxd3 24. Rxd3 Ba6 25. Rd4 Bxf1 {[%mdl 4096] Endgame KRB-KRB} 26. Bc6 Be2 (26... Ba6 $16 27. Bxa4 (27. Rxb4 Rc8 $16) 27... Rb8) 27. Bxa4 Rb8 28. Bb3 Kf8 29. f3 {Strongly threatening Rd7.} Ke7 {[#]} (29... Rb7 {was necessary.} 30. Kf2 Ba6) 30. Kf2 (30. e4 $1 $18) 30... Ba6 $16 31. Kg3 Bc8 32. Kf4 Be6 33. Rd3 h6 34. h4 Kf6 35. h5 Rb6 36. Bxe6 fxe6 {KR-KR} 37. Rb3 Ra6 38. Rxb4 {aiming for a4.} Rxa2 (38... e5+ $142 39. Kg3 Rxa2) 39. Rb5 Ra4+ 40. e4 fxe4 41. fxe4 Rc4 (41... g5+ $16 42. hxg6 Kxg6) 42. Rb6 Rc5 43. g4 Rc4 44. b3 Rd4 45. Rb5 e5+ $2 (45... Rd7 46. e5+ Kf7) 46. Rxe5 $18 Rb4 47. Rf5+ Ke6 48. Ra5 Rxb3 49. Ra6+ $2 (49. Ra7 Kf6 50. e5+ Ke6 51. Rxg7 Rb4+ 52. Kg3) 49... Kf7 50. Ra7+ Kf6 $2 (50... Kg8 51. e5 Kf8) 51. e5+ Ke6 52. Rxg7 Rb4+ {[#]} 53. Kg3 $1 Kxe5 54. Rg6 Rb1 55. Rxh6 Rh1 56. Ra6 (56. Rb6 $18 Ke4 57. h6) 56... Kd5 {Accuracy: White = 70%, Black = 44%.} 1-0

[Event "SAIF POWERTEC 45th BAN Ch 2019"]
[Site "Dhaka"]
[Date "2019.11.05"]
[Round "4.8"]
[White "Rahman, Syed Mahfuzur"]
[Black "Hossain, Enamul"]
[Result "0-1"]
[WhiteElo "2158"]
[BlackElo "2433"]
[Annotator "TA"]
[PlyCount "106"]
[EventDate "2019.11.05"]
[EventCountry "BAN"]
[SourceTitle "playchess.com"]
[Source "ChessBase"]
[SourceQuality "1"]

{[%evp 28,105,0,0,0,0,30,9,31,34,41,29,32,32,34,23,34,0,0,0,0,0,0,1,2,0,58,76,69,62,121,125,118,112,103,131,145,137,143,146,145,145,180,0,0,0,0,-89,-19,-6,-8,-27,-27,-32,-8,-8,-8,-10,-10,-10,-10,-27,-12,-26,-29,-29,-28,-25,-32,-68,-74,-245,-245,-513,-522,-1370,-1370,-1207,-1080,-29999]} 1. d4 Nf6 2. c4 e6 3. Nc3 Bb4 4. Qc2 d5 5. e3 c5 6. Nf3 cxd4 7. exd4 dxc4 8. Bxc4 O-O 9. O-O b6 10. Rd1 Bxc3 11. bxc3 Bb7 12. Qe2 Qc7 13. Bd2 Nbd7 14. Bd3 Rfe8 15. Re1 Rac8 {E54: Nimzo-Indian: Rubinstein: Main Line: 7...dxc4 8 Bxc4} (15... Rad8 16. Ne5 Nxe5 17. Qxe5 Qxe5 18. Rxe5 Rc8 19. Rc1 Red8 20. Ree1 Rd5 21. a4 Ne8 22. Rb1 Bc6 23. Rb4 {1-0 (57) Onischuk,A (2653)-Carlsen,M (2581) Mallorca 2004}) 16. Rac1 h6 17. h3 Bd5 $146 {The position is equal.} ({Predecessor:} 17... Qb8 18. Ne5 Qd6 19. Bf4 Nd5 20. Qh5 Nxe5 21. Bxe5 Qe7 22. Bb5 Red8 23. c4 Nb4 24. c5 Qg5 25. Qxg5 {½-½ (25) Zakharchenko,A (2391)-Perunovic,M (2478) Backa Palanka 2002}) 18. c4 Bxf3 19. Qxf3 e5 20. d5 Nc5 21. Bb1 e4 22. Qf4 (22. Qd1 {looks sharper.} Nb7 23. a4 Qd6 24. Re3 Qe7 25. a5) 22... Qxf4 23. Bxf4 Nd3 24. Bxd3 $1 exd3 25. Rxe8+ Rxe8 $11 {[%mdl 4096] Endgame KRB-KRN} 26. Be3 Rc8 (26... Nd7 $11) 27. Kf1 $14 Ne4 28. Ke1 $1 Nd6 (28... f5 $14) 29. c5 $16 bxc5 30. Rxc5 Rb8 31. f3 Rb2 {White must now prevent ...Re2+.} 32. Bf4 Nb7 33. Rc8+ Kh7 34. Rb8 g5 {[#]} 35. Bc7 $2 (35. Bd2 $1 $18 {Hoping for d6!} Rb1+ 36. Kf2) 35... Re2+ $1 $11 36. Kd1 Nc5 37. Rb4 (37. g4 $11 {remains equal.}) 37... Rxa2 (37... Rxg2 $17 38. Bd6 Nd7) 38. Be5 Nd7 39. Bd4 Ra5 40. Kd2 a6 41. Kxd3 {Strongly threatening Kc4.} Rxd5 42. Ke4 Rd6 43. f4 Nf6+ 44. Ke5 Re6+ 45. Kf5 Nd5 46. Rb7 Ne7+ 47. Kg4 Kg6 48. Bc5 Nf5 49. Rd7 $2 {[#]} (49. fxg5 $17 hxg5 50. Bf2) 49... Re4 $1 $19 {[%csl Gg5][%cal Re4f4]} 50. g3 $2 (50. Kf3 {only move.} Rxf4+ 51. Ke2) 50... Rc4 {...Rc3 is the strong threat.} 51. Rd5 Rc3 {[%csl Gf5][%cal Rc3g3]} 52. fxg5 hxg5 {[%csl Gf5][%cal Rc3g3]} 53. Bf2 Nh6# {Accuracy: White = 53%, Black = 68%.} 0-1

[Event "SAIF POWERTEC 45th BAN Ch 2019"]
[Site "Dhaka"]
[Date "2019.11.05"]
[Round "4.9"]
[White "Islam, Khandaker Aminul"]
[Black "Mohammad, Javed"]
[Result "0-1"]
[WhiteElo "2229"]
[BlackElo "2130"]
[Annotator "TA"]
[PlyCount "72"]
[EventDate "2019.11.05"]
[EventCountry "BAN"]
[SourceTitle "playchess.com"]
[Source "ChessBase"]
[SourceQuality "1"]

{[%evp 9,72,-36,-39,-33,-32,-31,-17,-24,-9,-53,-64,-59,-55,-35,-29,-66,12,-62,-44,-48,-54,-52,-60,-143,-90,-116,-90,-104,-74,-121,-117,-160,-158,-189,-110,-127,162,155,144,0,0,0,0,0,0,0,8,8,9,4,85,0,0,-621,-620,-837,-816,-772,-765,-1292,-1235,-1291,-1263,-2749,-1287]} 1. d4 Nf6 2. Bg5 c5 3. d5 Ne4 4. Bf4 Qb6 5. Nd2 Qxb2 {Threatens to win with ...Nc3.} 6. Nxe4 {Strongly threatening Bd2. A45: Trompowsky Attack} Qb4+ {[%mdl 64] Double Attack} 7. c3 Qxe4 8. e3 {The position is equal.} g5 9. f3 (9. Bg3 Bg7 10. Rc1 d6 11. h4 g4 12. Ne2 Nd7 13. Nf4 {½-½ (30) Radjabov,T (2744)-Vachier Lagrave,M (2703) Moscow 2010}) 9... Qg6 10. Bg3 Bg7 11. Rc1 h5 $146 ({Predecessor:} 11... d6 12. Bd3 f5 13. Qc2 {0-1 (56) Gareyev,T (2617)-Smith,B (2423) chess.com INT 2017}) 12. h4 g4 (12... gxh4 $15 13. Bxh4 d6) 13. Kf2 ({White should play} 13. Bd3 $1 $11 Qb6 14. Qa4) 13... d6 $15 14. Bd3 Qf6 15. Ne2 Nd7 16. Bb5 (16. c4 $15) 16... Kf8 (16... a6 $142 17. Bd3 Bh6) 17. f4 a6 18. Bd3 Ne5 19. Bb1 Nc4 20. Qd3 b5 21. Rhf1 Na3 (21... Bb7 $19 22. f5 Bh6) 22. e4 $17 b4 $2 {[%mdl 8192]} (22... Bb7 $17 {and life is bright.} 23. Kg1 Kg8) 23. cxb4 $18 cxb4 {[#]} 24. Rc7 ({White must play} 24. e5 $1 $16 dxe5 25. Rc6) 24... Nb5 {[%cal Ba3b5,Bb5a3,Ba3b1][%mdl 32]} 25. Rc4 Qb2 $1 {And now ...Nc3 would win.} 26. Kg1 Bd7 {...Na3 is the strong threat.} 27. e5 $1 Na3 (27... dxe5 28. fxe5 Bxe5 29. Bxe5 $16) 28. Rc7 Bb5 29. Qf5 $1 $40 {[%mdl 128] aiming for exd6. Black needs to defend precisely.} Qxe2 (29... Nxb1 $11 30. exd6 Bf6 31. dxe7+ Kg7 32. Qxb1 Qxe2 {[%mdl 64] Double Attack}) 30. Rfc1 ({White should try} 30. Re1 $16 Qb2 31. exd6) 30... Re8 $11 (30... Nxb1 31. Rc8+ Be8 32. Rxa8 $18) 31. Rc8 $2 {[%mdl 8192]} (31. e6 $11 Bd4+ 32. Kh1) 31... Nxb1 $19 {Black is clearly winning.} 32. Re1 Qxa2 {Hoping for ...Nc3.} 33. exd6 Bf6 {White must now prevent ...Rxc8.} 34. d7 {[#]} Bxd7 $1 35. Qxd7 Rxc8 36. Qf5 Re8 {Accuracy: White = 48%, Black = 31%.} 0-1

[Event "SAIF POWERTEC 45th BAN Ch 2019"]
[Site "Dhaka"]
[Date "2019.11.05"]
[Round "4.10"]
[White "Anata, Choudhury"]
[Black "S M Sharon"]
[Result "1-0"]
[WhiteElo "2159"]
[BlackElo "2092"]
[Annotator "ChessBase"]
[PlyCount "130"]
[EventDate "2019.11.05"]
[EventCountry "BAN"]
[SourceTitle "playchess.com"]
[Source "ChessBase"]
[SourceQuality "1"]
[TimeControl "40/5400+30:1800+30"]

1. e4 {[%emt 0:11:53]} c6 {[%emt 0:00:00]} 2. d4 {[%emt 0:00:11]} d5 {[%emt 0:00:00]} 3. Nd2 {[%emt 0:00:07]} dxe4 {[%emt 0:00:07]} 4. Nxe4 {[%emt 0:00:09]} Nf6 {[%emt 0:00:03]} 5. Nxf6+ {[%emt 0:00:09]} exf6 {[%emt 0:00:03]} 6. c3 {[%emt 0:03:22]} Bd6 {[%emt 0:00:57]} 7. Bd3 {[%emt 0:00:12]} O-O {[%emt 0:00:29]} 8. Qc2 {[%emt 0:00:32]} Re8+ {[%emt 0:00:49]} 9. Ne2 {[%emt 0:00:09]} Kh8 {[%emt 0:03:19]} 10. Be3 {[%emt 0:01:42]} Nd7 {[%emt 0:02:03]} 11. O-O-O {[%emt 0:16:56]} Nf8 {[%emt 0:01:16]} 12. Ng3 {[%emt 0:05:25]} Qc7 {[%emt 0:01:37]} 13. Rde1 {[%emt 0:08:29]} Bg4 14. Kb1 {[%emt 0:07:52]} b5 {[%emt 0:17:25]} 15. Ne4 {[%emt 0:04:14]} Bf4 {[%emt 0:02:00]} 16. h3 {[%emt 0:00:52]} Bf5 {[%emt 0:04:45]} 17. g3 {[%emt 0:06:12]} Bxe3 {[%emt 0:06:30]} 18. Rxe3 {[%emt 0:00:07]} a5 {[%emt 0:05:12]} 19. h4 {[%emt 0:07:20]} b4 {[%emt 0:02:03]} 20. Rhe1 {[%emt 0:00:15]} bxc3 {[%emt 0:02:33]} 21. Qxc3 {[%emt 0:01:24]} Red8 {[%emt 0:04:35]} 22. g4 {[%emt 0:05:47]} Bxg4 {[%emt 0:17:13]} 23. d5 {[%emt 0:01:15]} Qe5 {[%emt 0:01:33]} 24. dxc6 {[%emt 0:01:16]} Qxc3 {[%emt 0:05:37]} 25. Nxc3 {[%emt 0:00:10]} Ne6 {[%emt 0:02:39]} 26. Be4 {[%emt 0:01:06]} Rac8 {[%emt 0:00:34]} 27. Nb5 {[%emt 0:01:07]} f5 {[%emt 0:01:00]} 28. Bg2 {[%emt 0:00:57]} f4 {[%emt 0:00:26]} 29. Rc3 {[%emt 0:00:16]} f3 {[%emt 0:11:15]} 30. Bf1 {[%emt 0:00:12]} Nc7 {[%emt 0:01:31]} 31. Nxc7 {[%emt 0:02:25]} Rxc7 {[%emt 0:00:01]} 32. Kc1 {[%emt 0:00:54]} h5 {[%emt 0:01:00]} 33. Bb5 {[%emt 0:05:09]} g5 {[%emt 0:00:54]} 34. hxg5 {[%emt 0:02:54]} Rd5 {[%emt 0:00:03]} 35. a4 {[%emt 0:03:28]} Rxg5 {[%emt 0:00:29]} 36. Rd3 {[%emt 0:00:44]} Kg7 {[%emt 0:02:09]} 37. Kd2 {[%emt 0:00:48]} Rc5 {[%emt 0:00:33]} 38. Rg1 {[%emt 0:01:05]} Kf6 {[%emt 0:00:18]} 39. Rd6+ {[%emt 0:00:58]} Ke5 {[%emt 0:01:00]} 40. Rd8 {[%emt 0:00:00]} Kf4 {[%emt 0:00:00]} 41. Ra8 {[%emt 0:12:47]} Bf5 {[%emt 0:04:15]} 42. Rc1 {[%emt 0:01:23]} Rxc1 {[%emt 0:06:51]} 43. Kxc1 {[%emt 0:00:10]} Bc8 {[%emt 0:00:35]} 44. Rxa5 {[%emt 0:01:24]} h4 {[%emt 0:01:48]} 45. Bf1 {[%emt 0:00:20]} Rxc6+ {[%emt 0:00:31]} 46. Kd2 {[%emt 0:00:07]} Bf5 {[%emt 0:02:23]} 47. Rxf5+ {[%emt 0:02:49]} Kxf5 {[%emt 0:00:03]} 48. Bh3+ {[%emt 0:01:54]} Ke4 {[%emt 0:01:00]} 49. a5 {[%emt 0:02:49]} Rc4 {[%emt 0:05:34]} 50. b3 {[%emt 0:02:12]} Rc5 {[%emt 0:01:17]} 51. b4 {[%emt 0:01:53]} Rc4 {[%emt 0:00:07]} 52. b5 {[%emt 0:00:11]} Rb4 {[%emt 0:03:58]} 53. b6 {[%emt 0:00:30]} f5 {[%emt 0:06:55]} 54. Kc3 {[%emt 0:09:46]} Rb1 {[%emt 0:03:11]} 55. Kc4 {[%emt 0:00:19]} Ke5 {[%emt 0:00:09]} 56. Kc5 {[%emt 0:00:24]} Rc1+ {[%emt 0:00:49]} 57. Kb5 {[%emt 0:00:23]} Kd6 {[%emt 0:00:46]} 58. Ka6 {[%emt 0:00:41]} Rc5 {[%emt 0:01:48]} 59. Bf1 {[%emt 0:00:51]} f4 {[%emt 0:01:07]} 60. Bh3 {[%emt 0:00:16]} Rg5 {[%emt 0:00:40]} 61. Bf1 {[%emt 0:00:43]} Kc6 {[%emt 0:01:30]} 62. Bh3 {[%emt 0:00:21]} Rg8 {[%emt 0:00:59]} 63. b7 {[%emt 0:00:40]} Kc7 {[%emt 0:00:37]} 64. Ka7 {[%emt 0:00:08]} Rg6 {[%emt 0:00:33]} 65. b8=Q+ {[%emt 0:00:12]} Kc6 {[%emt 0:01:03]} 1-0

[Event "SAIF POWERTEC 45th BAN Ch 2019"]
[Site "Dhaka"]
[Date "2019.11.05"]
[Round "4.11"]
[White "Nayem, Haque"]
[Black "Md, Sariatullah"]
[Result "1/2-1/2"]
[WhiteElo "1911"]
[BlackElo "2063"]
[Annotator "NA"]
[PlyCount "81"]
[EventDate "2019.11.05"]
[EventCountry "BAN"]
[SourceTitle "playchess.com"]
[Source "ChessBase"]
[SourceQuality "1"]
[TimeControl "40/5400+30:1800+30"]

1. e4 {[%emt 1:30:30]} c5 {[%emt 1:30:30]} 2. d4 {[%emt 0:00:30]} cxd4 {[%emt 0:00:30]} 3. c3 {[%emt 0:00:30]} d3 {[%emt 0:00:30]} 4. Bxd3 {[%emt 0:00:30]} e6 {[%emt 0:00:30]} 5. c4 {[%emt 0:00:30]} a6 {[%emt 0:00:30]} 6. Nc3 {[%emt 0:00:30]} Qc7 {[%emt 0:00:30]} 7. Nf3 {[%emt 0:00:30]} d6 {[%emt 0:00:30]} 8. O-O {[%emt 0:00:30]} Nf6 {[%emt 0:00:30]} 9. Qe2 {[%emt 0:00:30]} Nbd7 {[%emt 0:00:30]} 10. Bf4 {[%emt 0:00:30]} e5 {[%emt 0:00:30]} 11. Bg5 {[%emt 0:00:30]} Be7 {[%emt 0:00:30]} 12. Rac1 {[%emt 0:00:30]} Qd8 {[%emt 0:00:30]} 13. Rfd1 h6 14. Bxf6 Nxf6 15. c5 O-O 16. Bb1 Bg4 17. h3 Bxf3 18. Qxf3 Qb8 19. cxd6 {[%emt 0:03:30]} Bxd6 {[%emt 0:03:30]} 20. Nd5 {[%emt 0:00:30]} Nxd5 {[%emt 0:00:30]} 21. Rxd5 {[%emt 0:00:30]} b6 {[%emt 0:00:30]} 22. Rc6 {[%emt 0:00:30]} Bc5 {[%emt 0:00:30]} 23. Qg3 {[%emt 0:00:30]} Bd4 {[%emt 0:00:30]} 24. Qb3 {[%emt 0:00:30]} Qb7 {[%emt 0:00:30]} 25. Rdd6 {[%emt 0:00:30]} Rac8 {[%emt 0:00:30]} 26. Qd5 {[%emt 0:00:30]} Rxc6 {[%emt 0:00:30]} 27. Qxc6 {[%emt 0:00:30]} Qe7 {[%emt 0:00:30]} 28. a4 {[%emt 0:00:30]} Qg5 {[%emt 0:00:30]} 29. Qc2 {[%emt 0:00:30]} Qe7 {[%emt 0:00:30]} 30. Qc6 {[%emt 0:00:30]} Bc5 {[%emt 0:00:30]} 31. Rd1 {[%emt 0:00:30]} Qh4 {[%emt 0:00:30]} 32. Rf1 {[%emt 0:00:30]} Rd8 {[%emt 0:00:30]} 33. Ba2 {[%emt 0:00:30]} a5 {[%emt 0:00:30]} 34. Bd5 {[%emt 0:00:30]} Qf4 {[%emt 0:00:30]} 35. Qc7 {[%emt 0:00:30]} Rd6 {[%emt 0:00:30]} 36. Qc8+ {[%emt 0:00:30]} Kh7 {[%emt 0:00:30]} 37. Qg4 {[%emt 0:00:30]} f5 {[%emt 0:00:30]} 38. Qxf4 {[%emt 0:00:30]} exf4 {[%emt 0:00:30]} 39. Rd1 {[%emt 0:00:30]} fxe4 {[%emt 0:00:30]} 40. Bxe4+ {[%emt 0:00:30]} g6 {[%emt 0:00:30]} 41. Rxd6 {[%emt 0:30:30]} 1/2-1/2

[Event "SAIF POWERTEC 45th BAN Ch 2019"]
[Site "Dhaka"]
[Date "2019.11.05"]
[Round "4.12"]
[White "Manon, Reja Neer"]
[Black "Hossain, Delwar"]
[Result "1-0"]
[WhiteElo "1829"]
[BlackElo "2080"]
[Annotator "NA"]
[PlyCount "67"]
[EventDate "2019.11.05"]
[EventCountry "BAN"]
[SourceTitle "playchess.com"]
[Source "ChessBase"]
[SourceQuality "1"]
[TimeControl "40/5400+30:1800+30"]

1. e4 {[%emt 1:30:30]} d6 {[%emt 1:30:30]} 2. Nc3 {[%emt 0:00:30]} Nf6 {[%emt 0:00:30]} 3. g3 {[%emt 0:00:30]} g6 {[%emt 0:00:30]} 4. Bg2 {[%emt 0:00:30]} Bg7 {[%emt 0:00:30]} 5. Nge2 {[%emt 0:00:30]} O-O {[%emt 0:00:30]} 6. O-O {[%emt 0:00:30]} c6 {[%emt 0:00:30]} 7. d3 {[%emt 0:00:30]} e5 {[%emt 0:00:30]} 8. h3 {[%emt 0:00:30]} Nbd7 {[%emt 0:00:30]} 9. Kh2 {[%emt 0:00:30]} Nh5 {[%emt 0:00:30]} 10. f4 {[%emt 0:00:30]} exf4 {[%emt 0:00:30]} 11. Nxf4 {[%emt 0:00:30]} Ndf6 {[%emt 0:00:30]} 12. Nce2 {[%emt 0:00:30]} Qe7 {[%emt 0:00:30]} 13. Bd2 a5 14. Bc3 Nxf4 15. Nxf4 Bd7 16. Qf3 Ne8 {[%emt 0:02:00]} 17. Rae1 {[%emt 0:02:30]} Bxc3 {[%emt 0:00:30]} 18. bxc3 {[%emt 0:00:30]} Ng7 {[%emt 0:00:30]} 19. d4 {[%emt 0:00:30]} Ne6 {[%emt 0:00:30]} 20. Nd3 {[%emt 0:00:30]} f6 {[%emt 0:00:30]} 21. h4 {[%emt 0:00:30]} Ng7 {[%emt 0:00:30]} 22. c4 {[%emt 0:00:30]} c5 {[%emt 0:00:30]} 23. dxc5 {[%emt 0:00:30]} dxc5 {[%emt 0:00:30]} 24. Nf4 {[%emt 0:00:30]} Ne8 {[%emt 0:00:30]} 25. Nd5 {[%emt 0:00:30]} Qe5 {[%emt 0:00:30]} 26. Nb6 {[%emt 0:00:30]} Rd8 {[%emt 0:00:30]} 27. Rd1 {[%emt 0:00:30]} Qc7 {[%emt 0:00:30]} 28. Nd5 {[%emt 0:00:30]} Qe5 {[%emt 0:00:30]} 29. Qf4 {[%emt 0:00:30]} Qe6 {[%emt 0:00:30]} 30. e5 {[%emt 0:00:30]} f5 {[%emt 0:00:30]} 31. Qg5 {[%emt 0:00:30]} Rb8 {[%emt 0:00:30]} 32. Nf4 {[%emt 0:00:30]} Qxe5 {[%emt 0:00:30]} 33. Rxd7 {[%emt 0:00:30]} Rf6 {[%emt 0:00:30]} 34. Bd5+ {[%emt 0:00:30]} 1-0

[Event "SAIF POWERTEC 45th BAN Ch 2019"]
[Site "Dhaka"]
[Date "2019.11.05"]
[Round "4.13"]
[White "Zia, Tahsin Tajwar"]
[Black "Md Emdadul, Haque"]
[Result "1/2-1/2"]
[WhiteElo "2058"]
[BlackElo "2044"]
[Annotator "NA RC"]
[PlyCount "142"]
[EventDate "2019.11.02"]
[EventType "swiss"]
[EventRounds "10"]
[EventCountry "BAN"]
[SourceTitle "playchess.com"]
[Source "ChessBase"]
[SourceQuality "1"]
[TimeControl "40/5400+30:1800+30"]

1. d4 Nf6 2. Nf3 g6 3. Bf4 Bg7 4. e3 b6 5. h3 Bb7 6. Be2 d6 7. a4 a5 8. O-O Nbd7 9. Bh2 O-O 10. c4 e6 11. Nc3 Rc8 12. Rc1 Ne4 13. Nxe4 Bxe4 14. Nd2 Ba8 15. Bf3 e5 16. Bxa8 Rxa8 17. Nb3 Qe7 18. c5 Rfc8 19. Qf3 dxc5 20. dxc5 e4 21. Qe2 bxc5 22. Qc2 c4 23. Nd2 c3 24. bxc3 Nc5 25. Nb3 Nxa4 26. Nd4 Nc5 27. Ra1 a4 28. Rfb1 Nb3 29. Nxb3 axb3 30. Qxb3 Rxa1 31. Rxa1 c5 32. Qc4 Qb7 33. Bg3 Qb2 34. Ra7 Rf8 35. Bd6 Qc1+ 36. Kh2 Qd2 37. Qxc5 Rd8 38. Bg3 Qxc3 39. Qe7 Qf6 40. Qxe4 h5 41. h4 Bf8 42. Ra8 Bd6 43. Rxd8+ Qxd8 44. Bxd6 Qxd6+ 45. g3 Qd7 46. Qd4 Qe6 47. e4 Qg4 48. Kg2 Qc8 49. Qd5 Qg4 50. e5 Qf5 51. Qd8+ Kg7 52. Qd4 Qe6 53. Kg1 Kg8 54. Qd8+ Kg7 55. Qg5 Qb6 56. Qe3 Qe6 57. Qd4 Kg8 58. Qd8+ Kg7 59. Qd6 Qxd6 60. exd6 Kf6 61. Kg2 Ke6 62. Kf3 Kxd6 63. Kf4 f6 64. Ke4 Ke6 65. f3 g5 66. hxg5 fxg5 67. f4 Kf6 68. f5 Ke7 69. Ke5 Kf7 70. f6 h4 71. gxh4 gxh4 1/2-1/2

[Event "SAIF POWERTEC 45th BAN Ch 2019"]
[Site "Dhaka"]
[Date "2019.11.05"]
[Round "4.14"]
[White "Chowdhury, Sohel"]
[Black "Jamal Uddin"]
[Result "0-1"]
[WhiteElo "2068"]
[BlackElo "2069"]
[Annotator "NA RC"]
[PlyCount "52"]
[EventDate "2019.11.02"]
[EventType "swiss"]
[EventRounds "10"]
[EventCountry "BAN"]
[SourceTitle "playchess.com"]
[Source "ChessBase"]
[SourceQuality "1"]
[TimeControl "40/5400+30:1800+30"]

1. e4 c5 2. Nc3 a6 3. g3 b5 4. Bg2 Bb7 5. d3 e6 6. Nh3 Nc6 7. O-O Nf6 8. f4 d6 9. Be3 b4 10. Nb1 Be7 11. Nd2 Qc7 12. f5 exf5 13. Rxf5 Ne5 14. Rf1 O-O 15. Nf2 a5 16. b3 a4 17. Rc1 axb3 18. axb3 Ra2 19. Bf4 Ng6 20. Bg5 h6 21. Be3 Rd8 22. Ng4 Nxg4 23. Qxg4 Bc8 24. Qh5 Be6 25. Bh3 Qd7 26. Bf4 Nf8 0-1

[Event "SAIF POWERTEC 45th BAN Ch 2019"]
[Site "Dhaka"]
[Date "2019.11.05"]
[Round "4.15"]
[White "Hossain, Monir"]
[Black "Hamid, Rani"]
[Result "0-1"]
[WhiteElo "2050"]
[BlackElo "1916"]
[Annotator "NA RC"]
[PlyCount "40"]
[EventDate "2019.11.02"]
[EventType "swiss"]
[EventRounds "10"]
[EventCountry "BAN"]
[SourceTitle "playchess.com"]
[Source "ChessBase"]
[SourceQuality "1"]
[TimeControl "40/5400+30:1800+30"]

1. d4 Nf6 2. Nf3 e6 3. g3 c5 4. Bg2 Nc6 5. O-O Be7 6. dxc5 Bxc5 7. c4 O-O 8. Nc3 b6 9. a3 Bb7 10. b4 Be7 11. Bb2 Rc8 12. Rc1 Qc7 13. e4 d6 14. Qe2 Qb8 15. Rfd1 Rfd8 16. Nd5 exd5 17. exd5 Ne5 18. Nxe5 dxe5 19. Bxe5 Bd6 20. f4 Ne8 0-1